Responses for Show #7789 - Thursday, June 21, 2018

Contestants

[<< previous game]

Deb Seltzer, a grants manager from Baltimore, Maryland

Justin Cosgrove, an assistant principal at a high school for the blind from St. Augustine, Florida

Ali Hasan, a secondary school teacher from New Westminster, British Columbia, Canada (whose 2-day cash winnings total $46,802)

[next game >>]

Jeopardy! Round responses

YEARLY BELOVED
TELEVISION
MATH-FREE WORD PROBLEMS
PLACE IT
WHO HAS MY LETTER?
THE MALE MAN
    $200 26
a dog show

Justin
    $200 4
Project Runway

Ali
    $200 8
Hostess

Justin
    $200 1
Madison Square Garden

Ali
    $200 16
a g-string

Justin
    $200 17
Mount Everest

Ali
    $400 27
Veterans Day and Memorial Day

Deb
    $400 6
It's Always Sunny in Philadelphia

Ali
    $400 12
Princeton

Deb
    $400 2
the Pacific Ocean

Justin
    $400 18
L

Ali
    $400 23
liberty and death

Ali
    $600 28
amateur

Deb
    $600 9
Big Little Lies

Triple Stumper
    $600 13
the (San Diego) Padres

Justin
    $600 3
(Ali: What is Beijing?)

Shanghai

AliJustin
    $600 19
O

Deb
    $3,000 24
Doug Jones

Ali
    $800 29
Tet

Ali
    $800 10
Star Trek: Discovery

Deb
    $800 14
Victoria

Deb
    $800 5
Cook County

Justin
    $800 20
A

Ali
    $800 25
(Ali: Who is Jones?)
...
(Alex: Less than a minute.)

(Horatio) Nelson

AliDeb
    $1000 30
Walpurgis Night

Triple Stumper
    $1000 11
Jennifer Jason Leigh

Triple Stumper
    $1000 15
Cheyenne

Ali
    $1000 7
Korea

Ali
    $1000 21
Y

Ali
    $1000 22
Cicero

Justin

Scores at the first commercial break (after clue 15):

Ali Justin Deb
$2,200 $2,600 $2,000

Scores at the end of the Jeopardy! Round:

Ali Justin Deb
$8,000 $4,000 $4,400

Double Jeopardy! Round responses

BEAUTIFUL HAITI
MOVIES' OPENING LINES
FOUR LEGS GOOD
PIN THE TALE ON THE 19th CENTURY WRITER
DIVINITY
CAN I GET AN "AMEN"?
    $400 11
Port-au-Prince

Ali
    $400 1
Gone With the Wind

Ali
    $400 28
a skunk

Ali
    $400 6
Hans Christian Andersen

Justin
    $400 13
rice

Ali
    $400 20
a tournament

Deb
    $800 12
Carnival

Justin
    $800 2
It's a Wonderful Life

Ali
    $800 29
chipmunk

Ali
    $800 7
Hawthorne

Ali
    $800 17
(Justin: What is Hinduism?)

Islam (or Muslim)

AliJustin
    $800 22
Tutankhamen

Justin
    $1200 14
a World Heritage Site

Ali
    $1200 3
Fight Club

Justin
    $1200 30
goats

Deb
    $1200 8
(Washington) Irving

Justin
    $2,800 18
Brahma

Ali
    $1200 27
amenities

Justin
    $1600 15
(Justin: Who is Drake?)
(Ali: Who is Raleigh?)

Sir Henry Morgan

AliJustin
Triple Stumper
    $1600 4
(Alex: Barbra Streisand in [*].)

Funny Girl

Triple Stumper
    $500 19
an elk

Ali
    $1600 9
Grimm

Deb
    $1600 26
love

Deb
    $1600 24
a stamen

Justin
    $2000 16
plumeria

Triple Stumper
    $2000 5
True Grit

Ali
    $2000 21
a gila monster

Ali
    $2000 10
(Kate) Chopin

Ali
    $2000 25
mind

Triple Stumper
    $2000 23
the parliamentarian

Deb

Scores at the end of the Double Jeopardy! Round:

Ali Justin Deb
$21,700 $8,800 $11,200

[wagering suggestions for these scores]

Final Jeopardy! Round responses

WORLD GEOGRAPHY
(Alex: I predict that none of you said Sydney. I know for sure.)
...
(Alex: [To Ali about his response] That was not a bad guess because it's on the northwest of the country, but [*], Australia, is at the southwest corner.)
JustinWhat Adalaide
$8,000
DebWhat is Brisbane?
$11,198
AliWhat is Darwin?
$701
Perth

Final scores:

Ali Justin Deb
$20,999 $800 $2
3-day champion: $67,801 2nd place: $2,000 3rd place: $1,000

Game dynamics:

Coryat scores:

Ali Justin Deb
$18,800 $8,800 $11,200
26 R
(including 3 DDs),
3 W
15 R,
2 W
12 R,
0 W

Combined Coryat: $38,800

[game clues] [game scores] [suggest correction]

Game tape date: 2018-02-20
The J! Archive is created by fans, for fans. Scraping, republication, monetization, and malicious use prohibited; this site may use cookies and collect identifying information. See terms. The Jeopardy! game show and all elements thereof, including but not limited to copyright and trademark thereto, are the property of Jeopardy Productions, Inc. and are protected under law. This website is not affiliated with, sponsored by, or operated by Jeopardy Productions, Inc. Join the discussion at JBoard.tv.